Clic A quel pays appartient cette dépendance ? - Statistiques

Statistiques générales
  • Ce quiz a été pris 52 fois
  • Le résultat moyen est 23 sur 38
Statistiques - réponses
Hint Réponse % Correct
Tobago Trinité-et-Tobago
98%
Principe Sao Tomé-et-Principe
95%
Hong Kong / Macao / Mongolie-Intérieure Chine
90%
Îles Féroé / Groenland Danemark
90%
Saint-Barthélemy / Saint-Martin / Wallis-et-Futuna / Île Clipperton / Domaines de Sainte-Hélène France
90%
Communauté monastique du mont Athos Grèce
90%
Niévès Saint-Christophe-et-Niévès
90%
Sahara occidental Maroc
88%
Zanzibar Tanzanie
88%
Guam / Porto Rico / Îles Mariannes du Nord / Île Baker / Île Jarvis / Îles Midway / Île de la Navasse États-Unis
80%
Açores / Madère Portugal
80%
Akrotiri et Dhekelia / Anguilla / Montserrat / Îles Pitcairn / Îles Turques-et-Caïques / Île de Man / Jersey / Guernesey Royaume-Uni
78%
Adyguée / Bachkirie / Bouriatie / Daghestan / Ingouchie / Kalmoukie / Khakassie /Oudmourtie / Tchouvachie / Iamalie Russie
78%
République autonome de Crimée Ukraine
73%
Ceuta / Melilla / Présides Espagne
71%
Île Bouvet / Île Pierre Ier / Île Jan Mayen / Archipel de Svalbard Norvège
71%
Aruba / Curaçao / Saint-Martin / Saba / Saint-Eustache / Bonaire Pays-Bas
71%
Sinuiju / Kaesong / Kumgangsan Corée du Nord
68%
Jammu-et-Cachemire / Ladakh Inde
63%
Île Christmas / Îles Cocos / Îles Ashmore et Cartier / Îles Heard-et-MacDonald / Île Norfolk / Iles de la mer de Corail Australie
56%
Îles Åland Finlande
56%
Kurdistan Irak
56%
Transnistrie / Gagaouzie Moldavie
56%
Îles Cook / Niue / Tokelau Nouvelle-Zélande
56%
District de Brčko Bosnie-Herzégovine
54%
Papouasie occidentale Indonésie
51%
Abkhazie / Adjarie / Ossétie du Sud-Alanie Géorgie
49%
Tyrol du Sud Italie
49%
Nakhitchevan Azerbaïdjan
46%
Bougainville Papouasie-Nouvelle-Guinée
39%
Azad Cachemire / Gilgit-Baltistan Pakistan
34%
Voïvodine Serbie
34%
Heligoland Allemagne
29%
Karakalpakstan Ouzbékistan
29%
Rodrigues Maurice
27%
Bangsamoro Philippines
27%
Puntland Somalie
24%
Haut-Badakhchan Tadjikistan
20%
Aucun quiz correspondant
Distribution des résultats
% des personnes avec chaque résultat
Percentile par nombre de réponses
Votre historique - résultats
Vous n’avez pas pris ce quiz